000
00298nam a22001337a 4500
003
SGT
082
_a
617.692
_b
C18R
100
_a
RITWAN, PANKAJ K.
245
_a
COMPARATIVE EVALUATION OF RERIODONTAL
260
_a
SGTU
_c
2018
300
_a
96
650
_a
PROSTHODONTICS DENTAL
942
_2
ddc
_c
TH
999
_c
20649
_d
20649